Handbook of modern sensors : (Record no. 176051)

000 -LEADER
fixed length control field 01521 a2200253 4500
003 - CONTROL NUMBER IDENTIFIER
control field Nust
005 - DATE AND TIME OF LATEST TRANSACTION
control field 20221007183655.0
010 ## - LIBRARY OF CONGRESS CONTROL NUMBER
LC control number 2003044597
020 ## - INTERNATIONAL STANDARD BOOK NUMBER
International Standard Book Number 0387007504 (hc. : alk. paper)
040 ## - CATALOGING SOURCE
Transcribing agency Nust
082 00 - DEWEY DECIMAL CLASSIFICATION NUMBER
Classification number 681.2,FRA
100 1# - MAIN ENTRY--PERSONAL NAME
Personal name Fraden, Jacob.
9 (RLIN) 99542
245 10 - TITLE STATEMENT
Title Handbook of modern sensors :
Remainder of title physics, designs, and applications /
Statement of responsibility, etc. Jacob Fraden.
250 ## - EDITION STATEMENT
Edition statement 3rd ed.
260 ## - PUBLICATION, DISTRIBUTION, ETC.
Place of publication, distribution, etc. New York :
Name of publisher, distributor, etc. Springer,
Date of publication, distribution, etc. c2004.
300 ## - PHYSICAL DESCRIPTION
Extent xvii, 589 p. :
Other physical details ill. ;
Dimensions 24 cm.
505 ## - FORMATTED CONTENTS NOTE
Formatted contents note Data Acquisition (Page-1), Sensor Characteristics (Page-13), Physical Principles of Sensing (Page-37), Optical Components of Sensors (Page-123), Interface Electronic Circuits (Page-151)Occupancy and Motion Detectors (Page-227), Position, Displacement, and Level (Page-253), Velocity and Acceleration (Page-301), Force, Strain, and Tactile Sensors (Page-323), Pressure Sensors (Page-339).Flow Sensors (Page-359), Acoustic Sensors (Page-381), Humidity and Moisture Sensors (Page-393), Light Detectors (Page-407), Radiation Detectors (Page-443), Temperature Sensors (Page-457), Chemical Sensors (Page-499).
650 #0 - SUBJECT ADDED ENTRY--TOPICAL TERM
Topical term or geographic name entry element Detectors
9 (RLIN) 399
650 #0 - SUBJECT ADDED ENTRY--TOPICAL TERM
Topical term or geographic name entry element Interface circuits
9 (RLIN) 99543
856 42 - ELECTRONIC LOCATION AND ACCESS
Materials specified Contributor biographical information
Uniform Resource Identifier <a href="http://www.loc.gov/catdir/enhancements/fy0817/2003044597-b.html">http://www.loc.gov/catdir/enhancements/fy0817/2003044597-b.html</a>
856 42 - ELECTRONIC LOCATION AND ACCESS
Materials specified Publisher description
Uniform Resource Identifier <a href="http://www.loc.gov/catdir/enhancements/fy0817/2003044597-d.html">http://www.loc.gov/catdir/enhancements/fy0817/2003044597-d.html</a>
856 42 - ELECTRONIC LOCATION AND ACCESS
Materials specified Table of contents only
Uniform Resource Identifier <a href="http://www.loc.gov/catdir/enhancements/fy0817/2003044597-t.html">http://www.loc.gov/catdir/enhancements/fy0817/2003044597-t.html</a>
942 ## - ADDED ENTRY ELEMENTS (KOHA)
Koha item type Reference
Source of classification or shelving scheme
Holdings
Withdrawn status Lost status Source of classification or shelving scheme Damaged status Not for loan Permanent Location Current Location Shelving location Date acquired Full call number Barcode Date last seen Price effective from Koha item type Public note
          Military College of Signals (MCS) Military College of Signals (MCS) Reference 12/12/2016 681.2,FRA MCS31183 12/08/2016 12/12/2016 Reference Almirah No.24, Shelf No.6
© 2023 Central Library, National University of Sciences and Technology. All Rights Reserved.